<?xml version="1.0" encoding="UTF-8"?>
<record
    xmlns:xsi="http://www.w3.org/2001/XMLSchema-instance"
    xsi:schemaLocation="http://www.loc.gov/MARC21/slim http://www.loc.gov/standards/marcxml/schema/MARC21slim.xsd"
    xmlns="http://www.loc.gov/MARC21/slim">

  <leader>01805    a2200253   4500</leader>
  <controlfield tag="001">47514</controlfield>
  <controlfield tag="005">20260407155742.0</controlfield>
  <controlfield tag="008">260407a2016    arg                 spa d</controlfield>
  <controlfield tag="003">AR-UNSa-BCEJYS</controlfield>
  <datafield tag="040" ind1=" " ind2=" ">
    <subfield code="a">AR-UNSa-BCEJYS</subfield>
    <subfield code="b">spa</subfield>
    <subfield code="c">AR-UNSa-BCEJYS</subfield>
  </datafield>
  <datafield tag="080" ind1=" " ind2=" ">
    <subfield code="a">347</subfield>
    <subfield code="x">Derecho Civil</subfield>
  </datafield>
  <datafield tag="245" ind1="1" ind2="0">
    <subfield code="a">Derecho civil</subfield>
    <subfield code="p">Parte general</subfield>
  </datafield>
  <datafield tag="020" ind1=" " ind2=" ">
    <subfield code="a">978-950-20-2733-3</subfield>
  </datafield>
  <datafield tag="264" ind1=" " ind2="1">
    <subfield code="a">Buenos Aires :</subfield>
    <subfield code="b">Abeledo Perrot</subfield>
    <subfield code="c">2016</subfield>
  </datafield>
  <datafield tag="300" ind1=" " ind2=" ">
    <subfield code="a">lxxiv, 889 p.</subfield>
    <subfield code="c">24 cm.</subfield>
  </datafield>
  <datafield tag="505" ind1=" " ind2=" ">
    <subfield code="a">1. Concepto, evoluci&#xF3;n y funci&#xF3;n actual del Derecho Civil - 2. Fuentes del Derecho Civil - 3. Aplicaci&#xF3;n e interpretaci&#xF3;n de las normas - 4. Efectos de la ley con relaci&#xF3;n al tiempo - 5. La codificaci&#xF3;n del Derecho Civil Argentino - 6. Las relaciones jur&#xED;dicas y los derechos subjetivos - 7. La persona humana - 8. La capacidad de las personas humanas - 9. Los menores de edad - 10. Personas incapaces y con capacidad restringida - 11. La inhabilitaci&#xF3;n y la ancianidad - 12. Los dem&#xE1;s atributos de la persona - 13. Derechos personal&#xED;simos - 14. Extinci&#xF3;n de la persona humana - 15. Las personas jur&#xED;dicas - 16. Asociaciones civiles y fundaciones - 17. El objeto de la relaci&#xF3;n jur&#xED;dica - 18. El patrimonio - 19. Los hechos jur&#xED;dicos - 20.Los actos jur&#xED;dicos - 21. El negocio jur&#xED;dico( continuaci&#xF3;n) - 22. La forma de los negocios jur&#xED;dicos - 23. Instrumentos p&#xFA;blicos - 24. Instrumentos privados - 25. Los vicios del acto voluntario - 26. Lesi&#xF3;n - 27. La simulaci&#xF3;n - 28. El fraude - 29. Ineficacia de los actos jur&#xED;dicos - </subfield>
  </datafield>
  <datafield tag="041" ind1=" " ind2=" ">
    <subfield code="a">spa</subfield>
  </datafield>
  <datafield tag="942" ind1=" " ind2=" ">
    <subfield code="c">BK</subfield>
  </datafield>
  <datafield tag="590" ind1=" " ind2=" ">
    <subfield code="a">niveau_biblio:m niveau_hierar:0</subfield>
  </datafield>
  <datafield tag="100" ind1="1" ind2=" ">
    <subfield code="a">Rivera, Julio C&#xE9;sar</subfield>
  </datafield>
  <datafield tag="700" ind1="1" ind2=" ">
    <subfield code="a">Medina, Gabriela</subfield>
  </datafield>
  <datafield tag="700" ind1="1" ind2=" ">
    <subfield code="a">Crovi, Luis Daniel</subfield>
  </datafield>
  <datafield tag="856" ind1="4" ind2="1">
    <subfield code="u">https://www.biblioeco.unsa.edu.ar/pmb/images/libros/L127581.jpg</subfield>
    <subfield code="y">Imagen de portada</subfield>
    <subfield code="q">image/jpeg</subfield>
  </datafield>
  <datafield tag="999" ind1=" " ind2=" ">
    <subfield code="c">4404</subfield>
    <subfield code="d">4404</subfield>
  </datafield>
  <datafield tag="952" ind1=" " ind2=" ">
    <subfield code="0">0</subfield>
    <subfield code="1">0</subfield>
    <subfield code="4">0</subfield>
    <subfield code="7">0</subfield>
    <subfield code="a">BCEJYS</subfield>
    <subfield code="b">BCEJYS</subfield>
    <subfield code="c">16</subfield>
    <subfield code="d">2026-04-07</subfield>
    <subfield code="l">0</subfield>
    <subfield code="o">347 R621d</subfield>
    <subfield code="p">L127581</subfield>
    <subfield code="r">2026-04-07 15:57:42</subfield>
    <subfield code="w">2026-04-07</subfield>
    <subfield code="y">L</subfield>
  </datafield>
  <datafield tag="952" ind1=" " ind2=" ">
    <subfield code="0">0</subfield>
    <subfield code="1">0</subfield>
    <subfield code="4">0</subfield>
    <subfield code="7">0</subfield>
    <subfield code="a">BCEJYS</subfield>
    <subfield code="b">BCEJYS</subfield>
    <subfield code="c">16</subfield>
    <subfield code="d">2026-04-07</subfield>
    <subfield code="l">0</subfield>
    <subfield code="o">347 R621d</subfield>
    <subfield code="p">L127582</subfield>
    <subfield code="r">2026-04-07 15:57:42</subfield>
    <subfield code="w">2026-04-07</subfield>
    <subfield code="y">L</subfield>
  </datafield>
  <datafield tag="952" ind1=" " ind2=" ">
    <subfield code="0">0</subfield>
    <subfield code="1">0</subfield>
    <subfield code="4">0</subfield>
    <subfield code="7">0</subfield>
    <subfield code="a">BCEJYS</subfield>
    <subfield code="b">BCEJYS</subfield>
    <subfield code="c">16</subfield>
    <subfield code="d">2026-04-07</subfield>
    <subfield code="l">0</subfield>
    <subfield code="o">347 R621d</subfield>
    <subfield code="p">L127583</subfield>
    <subfield code="r">2026-04-07 15:57:42</subfield>
    <subfield code="w">2026-04-07</subfield>
    <subfield code="y">L</subfield>
  </datafield>
</record>
